0 or O - Sudden Death - Statistics

General Stats
  • This quiz has been taken 47 times
  • The average score is 22 of 24
Answers on the Grid
Answers color-coded by a green-red scale on the quiz's grid according to % correct below.
O
O
O
O
O
O
O
O
O
O
O
O
O
O
O
O
O
O
O
O
O
O
O
O
0
0
0
0
0
0
0
0
0
0
0
0
0
0
0
0
0
0
0
0
0
0
0
0
0
0
 
Answer Stats
Answer % Correct
O
97%
O
94%
O
94%
O
94%
O
94%
O
94%
O
94%
O
94%
O
94%
O
94%
O
94%
O
92%
O
92%
O
92%
O
92%
O
92%
O
92%
O
92%
O
92%
O
92%
O
89%
O
89%
O
89%
O
89%
No matching quizzes found
Score Distribution
Percent of People with Each Score
Percentile by Number Answered
Your Score History
You have not taken this quiz